| 000 | 01116cam a2200205 4500 | ||
|---|---|---|---|
| 001 | WB3826-11 | ||
| 008 | 020717n2002 000 0 eng u | ||
| 035 | _a(Sirsi) u118888 | ||
| 245 | _aEnvironmental information regulations | ||
| 260 | _c2002 | ||
| 490 |
_aDEFRA News Release _v(280/02) 15 July 2002, (2) |
||
| 520 | _aThe Department for Environment, Food and Rural Affairs (DEFRA) has launched a public consultation on the new Environmental Information Regulations which are due to come in force this winter. The purpose of the new regulations is to improve public access to environmental information in line with the government's commitment to freedom of information. The consultation finishes on 4 October 2002. For consultation package http://www.defra.gov.uk/environment/consult/envinfo/index.htm http://www.defra.gov.uk/news/2002/020715b.htm | ||
| 590 | _aWB | ||
| 650 | _aENVIRONMENTAL INFORMATION REGULATIONS 1992 | ||
| 650 | _aFREEDOM OF INFORMATION ACT 2000 | ||
| 650 | _aAARHUS CONVENTION | ||
| 650 | _aSUSTAINABLE DEVELOPMENT | ||
| 690 | _aENVIRONMENTAL AND LAND CONSULTANCY | ||
| 942 | _n0 | ||
| 999 |
_c70764 _d70764 |
||